<?xml version="1.0" encoding="UTF-8"?>
<record
    xmlns:xsi="http://www.w3.org/2001/XMLSchema-instance"
    xsi:schemaLocation="http://www.loc.gov/MARC21/slim http://www.loc.gov/standards/marcxml/schema/MARC21slim.xsd"
    xmlns="http://www.loc.gov/MARC21/slim">

  <leader>00859nam a2200229 a 4500</leader>
  <controlfield tag="001">36732</controlfield>
  <controlfield tag="003">BD-RjUL</controlfield>
  <controlfield tag="005">20211209052530.0</controlfield>
  <controlfield tag="008">160807s1982    bg  |||| |||| 000 0 ben d</controlfield>
  <datafield tag="020" ind1=" " ind2=" ">
    <subfield code="c">Tk.16.00</subfield>
  </datafield>
  <datafield tag="035" ind1=" " ind2=" ">
    <subfield code="a">(BD-RjUL)36834</subfield>
  </datafield>
  <datafield tag="040" ind1=" " ind2=" ">
    <subfield code="a">BD-RjUL</subfield>
    <subfield code="b">ben</subfield>
    <subfield code="c">BD-RjUL</subfield>
  </datafield>
  <datafield tag="041" ind1=" " ind2=" ">
    <subfield code="a">ben</subfield>
  </datafield>
  <datafield tag="082" ind1=" " ind2=" ">
    <subfield code="2">23</subfield>
    <subfield code="a">327</subfield>
    <subfield code="b">UDK 1982</subfield>
  </datafield>
  <datafield tag="100" ind1=" " ind2=" ">
    <subfield code="a">&#x989;&#x9A6;&#x9CD; &#x9A6;&#x9C0;&#x9A8;, &#x995;&#x9BE;&#x99C;&#x9C0;&#x9AE; </subfield>
    <subfield code="9">112043</subfield>
  </datafield>
  <datafield tag="245" ind1="1" ind2="0">
    <subfield code="a">&#x996;&#x9C7;&#x9B2;&#x9BE; &#x998;&#x9B0;  =  PLAY  HOUSE :</subfield>
    <subfield code="b">(&#x9AC;&#x9BF;&#x9B6;&#x9CD;&#x9AC; &#x9AA;&#x9B0;&#x9BF;&#x9B8;&#x9CD;&#x9A5;&#x9BF;&#x9A4;&#x9BF;) /</subfield>
    <subfield code="c">&#x995;&#x9BE;&#x99C;&#x9C0;&#x9AE; &#x989;&#x9A6;&#x9CD; &#x9A6;&#x9C0;&#x9A8;</subfield>
  </datafield>
  <datafield tag="260" ind1=" " ind2=" ">
    <subfield code="a">&#x9A6;&#x9BF;&#x9A8;&#x9BE;&#x99C;&#x9AA;&#x9C1;&#x9B0; :</subfield>
    <subfield code="b">&#x9AE;&#x9CB;&#x9B6;&#x9BE;&#x9B0;&#x9B0;&#x9AB; &#x9B9;&#x9CB;&#x9B8;&#x9C7;&#x9A8; &#x9AD;&#x9C1;&#x987;&#x9AF;&#x9BC;&#x9BE;, </subfield>
    <subfield code="c">&#x9E7;&#x9EF;&#x9EE;&#x9E8;.</subfield>
  </datafield>
  <datafield tag="300" ind1=" " ind2=" ">
    <subfield code="a">[&#x9EE;] &#x9E7;&#x9EC;&#x9EC; &#x9AA;&#x9C3;. ;</subfield>
    <subfield code="c">&#x9E7;&#x9EE; &#x9B8;&#x9C7;&#x9AE;&#x9BF;.</subfield>
  </datafield>
  <datafield tag="650" ind1=" " ind2=" ">
    <subfield code="a">&#x986;&#x9A8;&#x9CD;&#x9A4;&#x9B0;&#x9CD;&#x99C;&#x9BE;&#x9A4;&#x9BF;&#x995; &#x9B8;&#x9AE;&#x9CD;&#x9AA;&#x9B0;&#x9CD;&#x995;</subfield>
    <subfield code="9">112044</subfield>
  </datafield>
  <datafield tag="650" ind1=" " ind2=" ">
    <subfield code="a">International Relations</subfield>
    <subfield code="9">112045</subfield>
  </datafield>
  <datafield tag="942" ind1=" " ind2=" ">
    <subfield code="2">ddc</subfield>
    <subfield code="c">BK</subfield>
  </datafield>
  <datafield tag="999" ind1=" " ind2=" ">
    <subfield code="c">36732</subfield>
    <subfield code="d">36732</subfield>
  </datafield>
  <datafield tag="952" ind1=" " ind2=" ">
    <subfield code="0">0</subfield>
    <subfield code="1">0</subfield>
    <subfield code="2">ddc</subfield>
    <subfield code="4">0</subfield>
    <subfield code="7">1</subfield>
    <subfield code="8">NFIC</subfield>
    <subfield code="a">RUCL</subfield>
    <subfield code="b">RUCL</subfield>
    <subfield code="c">Reading</subfield>
    <subfield code="d">1983-04-12</subfield>
    <subfield code="e">Author, Dhaka</subfield>
    <subfield code="g">16.00</subfield>
    <subfield code="l">0</subfield>
    <subfield code="o">B 327 UDK 1982</subfield>
    <subfield code="r">2014-08-25 00:00:00</subfield>
    <subfield code="t">C-1</subfield>
    <subfield code="w">2021-12-09</subfield>
    <subfield code="y">BK</subfield>
  </datafield>
  <datafield tag="952" ind1=" " ind2=" ">
    <subfield code="0">0</subfield>
    <subfield code="1">0</subfield>
    <subfield code="2">ddc</subfield>
    <subfield code="4">0</subfield>
    <subfield code="7">0</subfield>
    <subfield code="8">NFIC</subfield>
    <subfield code="a">RUCL</subfield>
    <subfield code="b">RUCL</subfield>
    <subfield code="c">Stack</subfield>
    <subfield code="d">1983-04-12</subfield>
    <subfield code="e">Author, Dhaka 	</subfield>
    <subfield code="g">16.00</subfield>
    <subfield code="l">0</subfield>
    <subfield code="o">B 327 UDK 1982</subfield>
    <subfield code="r">2016-08-07 00:00:00</subfield>
    <subfield code="t">C-2</subfield>
    <subfield code="w">2016-08-07</subfield>
    <subfield code="y">BK</subfield>
  </datafield>
  <datafield tag="952" ind1=" " ind2=" ">
    <subfield code="0">0</subfield>
    <subfield code="1">0</subfield>
    <subfield code="2">ddc</subfield>
    <subfield code="4">0</subfield>
    <subfield code="7">0</subfield>
    <subfield code="8">NFIC</subfield>
    <subfield code="a">RUCL</subfield>
    <subfield code="b">RUCL</subfield>
    <subfield code="c">Stack</subfield>
    <subfield code="d">1983-04-12</subfield>
    <subfield code="e">Library</subfield>
    <subfield code="g">16.00</subfield>
    <subfield code="l">0</subfield>
    <subfield code="o">B 327 UDK 1982</subfield>
    <subfield code="r">2016-12-11 00:00:00</subfield>
    <subfield code="t">C-3</subfield>
    <subfield code="w">2016-12-11</subfield>
    <subfield code="y">BK</subfield>
  </datafield>
</record>
